Case Study of Material Flow Cost Accounting

Uložené v:
Podrobná bibliografia
Hlavný autor: Szaryszová, Petra, 1984-
Médium: Kapitola
Jazyk:English
Predmet:
Tagy: Pridať tag
Žiadne tagy, Buďte prvý, kto otaguje tento záznam!

MARC

LEADER 00000nla a2200000 4500
001 0240626
005 20240502073920.8
041 0 |a eng 
044 |a SK 
245 1 0 |a Case Study of Material Flow Cost Accounting  |c Petra Szaryszová 
500 |a Abstrakt 
610 2 0 |a štúdie prípadové 
610 2 0 |a tok materiálu 
610 2 0 |a účtovníctvo nákladové 
610 2 0 |a priemysel automobilový 
100 1 |a Szaryszová, Petra, 1984-